<?xml version="1.0" encoding="UTF-8"?>
<record
    xmlns:xsi="http://www.w3.org/2001/XMLSchema-instance"
    xsi:schemaLocation="http://www.loc.gov/MARC21/slim http://www.loc.gov/standards/marcxml/schema/MARC21slim.xsd"
    xmlns="http://www.loc.gov/MARC21/slim">

  <leader>01147njm a22002897a 4500</leader>
  <controlfield tag="005">20100913121612.0</controlfield>
  <controlfield tag="006">a|||||r|||||00| 0 </controlfield>
  <controlfield tag="007">sd ammalaaahaa</controlfield>
  <controlfield tag="008">100910t        xxu||||| |||| 00| 0 eng d</controlfield>
  <datafield tag="028" ind1=" " ind2=" ">
    <subfield code="a">BOE-02144</subfield>
    <subfield code="b">Odeon</subfield>
  </datafield>
  <datafield tag="035" ind1=" " ind2=" ">
    <subfield code="a">GR-02071</subfield>
  </datafield>
  <datafield tag="040" ind1=" " ind2=" ">
    <subfield code="a">SED/VEN</subfield>
  </datafield>
  <datafield tag="100" ind1=" " ind2=" ">
    <subfield code="9">1184</subfield>
    <subfield code="a">Mukesh </subfield>
  </datafield>
  <datafield tag="245" ind1=" " ind2=" ">
    <subfield code="a">Chetna Part. 1,Part 2 /</subfield>
    <subfield code="c">Sung by Mukesh ;Music Sapan Jag Mohan ,Lyric Naqsh LyallPuri</subfield>
    <subfield code="h">Hindi film</subfield>
  </datafield>
  <datafield tag="246" ind1=" " ind2=" ">
    <subfield code="a"> Chetna   (&#x92E;&#x941;&#x915;&#x947;&#x936;  )</subfield>
  </datafield>
  <datafield tag="260" ind1=" " ind2=" ">
    <subfield code="a">Dum Dum, India</subfield>
    <subfield code="b">Odeon</subfield>
    <subfield code="c">1971</subfield>
  </datafield>
  <datafield tag="300" ind1=" " ind2=" ">
    <subfield code="a">1 sound disc : [Gramophone Record]</subfield>
    <subfield code="b">analog, 45 rpm</subfield>
    <subfield code="c">7 in.</subfield>
    <subfield code="f">Gramophone Records</subfield>
  </datafield>
  <datafield tag="500" ind1=" " ind2=" ">
    <subfield code="a">Brief record.</subfield>
  </datafield>
  <datafield tag="500" ind1=" " ind2=" ">
    <subfield code="a">Odean</subfield>
  </datafield>
  <datafield tag="500" ind1=" " ind2=" ">
    <subfield code="a">Black</subfield>
  </datafield>
  <datafield tag="505" ind1=" " ind2=" ">
    <subfield code="a">&#x92A;&#x93E;&#x930;&#x94D;&#x91F; &#x967; &#x924;&#x941;&#x91D;  &#x915;&#x94B;  &#x926;&#x942;&#x902;&#x917;&#x93E;  &#x938;&#x926;&#x93E; Part 1(Tujh ko dunga  sada )  &#x92A;&#x93E;&#x930;&#x94D;&#x91F;. &#x968;  &#x92E;&#x948;&#x902;  &#x924;&#x94B;  &#x939;&#x930;  &#x92E;&#x94B;&#x921;&#x93C;  &#x92A;&#x930; ( Main To her Mod per )</subfield>
  </datafield>
  <datafield tag="650" ind1=" " ind2=" ">
    <subfield code="x">Excerpts</subfield>
    <subfield code="z">India</subfield>
    <subfield code="9">19370</subfield>
    <subfield code="a">Classical music</subfield>
    <subfield code="v">Filmi song</subfield>
  </datafield>
  <datafield tag="700" ind1=" " ind2=" ">
    <subfield code="9">19371</subfield>
    <subfield code="a">Sapan Jag Mohan </subfield>
  </datafield>
  <datafield tag="700" ind1=" " ind2=" ">
    <subfield code="9">19372</subfield>
    <subfield code="a">Naqsb Lyall Puri</subfield>
  </datafield>
  <datafield tag="942" ind1=" " ind2=" ">
    <subfield code="2">ddc</subfield>
    <subfield code="c">GR</subfield>
  </datafield>
  <datafield tag="999" ind1=" " ind2=" ">
    <subfield code="c">45378</subfield>
    <subfield code="d">45378</subfield>
  </datafield>
  <datafield tag="952" ind1=" " ind2=" ">
    <subfield code="0">0</subfield>
    <subfield code="1">0</subfield>
    <subfield code="2">ddc</subfield>
    <subfield code="4">0</subfield>
    <subfield code="7">1</subfield>
    <subfield code="8">NFIC</subfield>
    <subfield code="a">L</subfield>
    <subfield code="b">L</subfield>
    <subfield code="d">2010-09-13</subfield>
    <subfield code="e">SED/VEN</subfield>
    <subfield code="l">0</subfield>
    <subfield code="p">GR-02071</subfield>
    <subfield code="r">2010-09-13 00:00:00</subfield>
    <subfield code="t">1</subfield>
    <subfield code="w">2010-09-13</subfield>
    <subfield code="y">GR</subfield>
  </datafield>
</record>
